Państwa graniczące z Indiami - Statystyki

Ogólne statystyki
  • Ten quiz został rozwiązany 4 258 razy
  • Średni wynik to 5 z 6
Statystyki odpowiedzi
Długość Państwo % Poprawnych
3380 km Chiny
98%
2912 km Pakistan
93%
1690 km Nepal
91%
4053 km Bangladesz
86%
605 km Bhutan
80%
1463 km Mjanma
75%
Nie znaleziono quizów pasujących do podanych kryteriów
Rozkład punktacji
Procent ludzi z każdym wynikiem
Percentyl według liczby udzielonych odpowiedzi
Twoja historia wyników
Nie rozwiązałeś tego quizu